Normal view
MARC view
Entry Nome pessoal
001 - NÚMERO DE CONTROLE
- campo de controle: 589
003 - IDENTIFICADOR DO NÚMERO DE CONTROLE
- campo de controle: Br
005 - DATA E HORÁRIO DA ÚLTIMA TRANSAÇÃO
- campo de controle: 20250321083254.0
008 - CAMPO DE DADOS FIXOS
- campo de controle de tamanho fixo: 971125n| acnnnaab| aaaa |d
024 7# - OUTRO IDENTIFICADOR PADRÃO
- Número padrão ou código: http://viaf.org/viaf/49228757
- Fonte: VIAF
024 7# - OUTRO IDENTIFICADOR PADRÃO
- Número padrão ou código: http://id.loc.gov/authorities/names/n79006935
- Fonte: LCCN
035 ## - NÚMERO DE CONTROLE DO SISTEMA
- Número de Controle do Sistema: 98040710305926E10
040 ## - FONTE DA CATALOGAÇÃO
- Instituição da catalogação original: Br
- Instituição que transcreveu o registro: Br
- Idioma da catalogação: por
100 1# - CABEÇALHO--NOME PESSOAL
- Nome pessoal: Marx, Karl,
- Datas associadas ao nome: 1818-1883
400 1# - REMISSIVA VER--NOME PESSOAL
- Nome pessoal: Marx, Heinrich Karl
- Datas associadas ao nome: 1818-1883
670 ## - FONTE POSITIVA DOS DADOS
- Citação da fonte positiva dos dados: Assunto de: Ureña, Enrique M. Karl Marx, economista. 1981.
670 ## - FONTE POSITIVA DOS DADOS
- Citação da fonte positiva dos dados: VIAF 06/02/2020
- Dados encontrados na fonte localizada no subcampo: (d.n.; d.m.; rem.)
670 ## - FONTE POSITIVA DOS DADOS
- Citação da fonte positiva dos dados: LC authorities 06/02/2020
- Dados encontrados na fonte localizada no subcampo: (nascido em Trier - Alemanha; estudou Direito e História na Universität Bonn e na Freie Universität Berlin)